000 00486cam a2200157 i 4500
999 _c3975
_d3975
001 19184960
003 NG-AbAUS
005 20230307093522.0
008 160721s2017 mau b 001 0 eng
020 _a9780128042915
040 _aDLC
_beng
_erda
_cDLC
245 0 0 _aData mining :
_bpractical machine learning tools and techniques /
_cIan H. Witten, Eibe Frank, Mark A. Hall, Christopher J. Pal.
250 _aFourth Edition.
300 _axxxii, 621 pages ;
_c24 cm
942 _2lcc
_cBK